Category of Countability of the English Noun bakalárska práca

Salvato in:
Dettagli Bibliografici
Autore principale: Randjak, Filip
Ente Autore: Fakulta aplikovaných jazykov EU v Bratislave. Katedra jazykovedy a translatológie
Altri autori: Biliková, Beáta, 1971-
Natura: Libro
Lingua:inglese
Pubblicazione: Bratislava 2021
Tags: Aggiungi Tag
Nessun Tag, puoi essere il primo ad aggiungerne!!

MARC

LEADER 00000nbm a2200000 4500
001 0274921
005 20220216083927.4
041 0 |a eng 
044 |a SK 
245 1 0 |a Category of Countability of the English Noun  |b bakalárska práca  |c Filip Randjak ; školiteľ: Beáta Biliková 
264 1 |a Bratislava  |c 2021 
300 |a 36 s. 
100 1 |a Randjak, Filip 
700 1 |a Biliková, Beáta, 1971- 
710 2 |a Fakulta aplikovaných jazykov EU v Bratislave. Katedra jazykovedy a translatológie